000 00502nam a2200181Ia 4500
001 9822
005 20260306161746.0
008 260306t2013||||xx |||||||||||||| ||spa||
041 _aESP
082 _a465
_bM86
100 _aMoreno Castrillón, Francisco
_eAUT
245 0 _aGramática y ortografía al día:
_bguía con las principales novedades de la Real Academia Española
260 _c2013
300 _a191 páginas :
_c24 cm.
650 _aGEN
654 _aCHU
942 _cLIB
_dJUS
_fJUS
_2ddc
_n
999 _c9822
_d9822